'The Monkees' Theme Song Lyrics Quiz Stats

 Plays Quiz Updated Aug 12, 2013

Challenge
Share
Tweet
Embed
Score 0/183 Timer 08:00
0 Plays Today
% Correct
the
99%
the
99%
the
99%
the
99%
the
99%
the
99%
the
99%
the
99%
we
98.3%
We
98.3%
we
98.3%
we
98.3%
We
98.3%
we
98.3%
we
98.3%
We
98.3%
we
98.3%
we
98.3%
we
98.3%
Hey,
96.4%
hey,
96.4%
Hey,
96.4%
hey,
96.4%
Hey,
96.4%
hey,
96.4%
Hey,
96.4%
hey,
96.4%
we're
96.1%
we're
96.1%
we're
96.1%
we're
96.1%
We're
96.1%
We're
96.1%
we're
96.1%
we're
96.1%
We're
96.1%
We're
96.1%
we're
96.1%
Monkees
95%
Monkees
95%
Monkees
95%
Monkees
95%
around.
91.8%
around.
91.8%
around
91.8%
to
91.8%
to,
91.8%
to
91.8%
to
91.8%
to
91.8%
to
91.8%
to
91.8%
to
91.8%
to
91.8%
to
91.8%
to
91.8%
do
89.1%
do.
89.1%
monkey
87.9%
monkey
87.9%
monkey
87.9%
% Correct
down
87.6%
down.
87.6%
down.
87.6%
down.
87.6%
and
85.3%
and
85.3%
and
85.3%
and
85.3%
and
85.3%
and
85.3%
and
85.3%
and
85.3%
and
85.3%
say
83.7%
say
83.7%
say.
83.7%
say
83.7%
say.
83.7%
people
81.7%
people
81.7%
people
81.7%
sing
81.1%
sing
81.1%
Any
80.4%
singing
79.6%
singing
79.6%
singing
79.6%
too
79.6%
too
79.6%
too
79.6%
busy
79.2%
busy
79.2%
busy
79.2%
Here
78.6%
But
77.7%
But
77.7%
But
77.7%
anybody
77.4%
anybody
77.4%
anybody
77.4%
street.
77%
come,
76.5%
come
76.5%
come
76.5%
walking
75.5%
put
75.2%
put
75.2%
put
75.2%
be
74.6%
be
74.6%
be
74.6%
be
74.6%
be
74.6%
meet.
72.4%
everyone
70.3%
just
69%
just
69%
just
69%
get
68.5%
get
68.5%
get
68.5%
% Correct
you
67.8%
from
67.1%
go
65.2%
So
63.9%
look
62.4%
funniest
62.1%
looks
61.8%
trying
60%
trying
60%
friendly,
57.6%
friendly
57.6%
play.
56.5%
play.
56.5%
us
53.4%
us
53.4%
where
52%
got
51.6%
got
51.6%
want
51%
something
49.9%
something
49.9%
something
49.9%
what
49.6%
generation
48.2%
generation
48.2%
we've
47.5%
we've
47.5%
young
45.2%
young
45.2%
your
43.5%
your
43.5%
watch
40.9%
watch
40.9%
have
40.4%
like
39.6%
don't
37%
know
36%
time
35%
time,
35%
town.
35%
there?
33.9%
we'll
32.1%
comin'
30.7%
new.
28.5%
wherever
25.5%
never
24.1%
ready
24%
may
23.8%
or
22.9%
over
21.9%
better
21.6%
always
21.3%
anywhere
21.3%
found.
18.8%
shoulder.
18.6%
you'd
15.3%
there's
15%
standing
14.9%
restless,
14.6%
who'll
11.7%
Guess
11.7%

You're not logged in!

Compare scores with friends on all Sporcle quizzes.
OR
Log In

You Might Also Like...

Show Comments

Extras

Top Quizzes Today


Score Distribution

Your Account Isn't Verified!

In order to create a playlist on Sporcle, you need to verify the email address you used during registration. Go to your Sporcle Settings to finish the process.

Report this User

Report this user for behavior that violates our Community Guidelines.

Details: